| 000 | 00533nam a2200181Ia 4500 | ||
|---|---|---|---|
| 005 | 20250326125537.0 | ||
| 008 | 250326s9999 xx 000 0 und d | ||
| 037 | _aTextbook | ||
| 040 |
_aFMSL _beng _cFMSL |
||
| 041 |
_aeng _2eng |
||
| 084 |
_aT(X:8) K3 _qFMSL |
||
| 100 |
_aD B M I A _9739270 |
||
| 245 | 0 |
_aLectures on management _cD B M I A |
|
| 260 |
_aDelhi _bDelhi, Department Of Business Management And Industrial Administration _c1963 |
||
| 300 | _a87p | ||
| 942 |
_cTB _hT(X:8) K3 |
||
| 999 |
_c1278508 _d1278508 |
||